MDQL
is popping MORE tags! Check the
thread
!
Quizzes
Events
Quiz Creation
Community
Videos
Private Events
Remove Ads
Sign In
Join for FREE
Feedback
Dark Mode
Quiz Categories
Sports
Geography
Music
Movies
Television
Just For Fun
Miscellaneous
History
Literature
Language
Science
Gaming
Entertainment
Religion
Holiday
For Kids
Quiz Lab
Recent
Popular Today
Quiz Kudos Today
Editor Picks
Curator Picks
Quizzes by...
Day
Popularity
Type
Ratings
Length
Year
Community
Subscriptions
Recent Discussions
Orange Saloon
Badges
Playlists
Quests
Create
Leaderboards
Showdown
Live 5
Trivia Bingo
Activity
Puzzle Library
Sporcle Events
Private Events
Virtual Trivia
Globe League
Become a Host
Pub Owners
SporcleCon
Opinionation
Our Games
Videos
Blog
Mobile Apps
Partnerships
Remove Ads and Go Orange
Feedback
Music
Pop Music
The Beatles
Song
Album
Lyrics
Bands
Singers
Artist
Clip
Rock
Rap
Classical
Billboard
Country Music
Kpop
Taylor Swift
Music
Pop Music
The Beatles
Song
Album
Lyrics
Bands
Singers
Artist
Clip
Rock
Rap
Classical
Billboard
Country Music
Kpop
Taylor Swift
Random Quiz
Search Sporcle
×
Quiz Lab
Quiz Lab
Music
Bands
Type in answers that appear in a list
Type in answers that appear in a list
Classic
Best Score? Go Orange.
Bands By Song Stats
Can you name the bands I really really like?
By
nerfan
5m
49 Questions
136 Plays
136 Plays
136 Plays
Comments
Comments
Give Quiz Kudos
Give Quiz Kudos
-
- Ratings
hide this ad
Replay
Link that replays current quiz
Next Quiz
Link to next quiz in quiz playlist
You Got
0%
They Got
Avg Score
46%
Avg Friend Score
Upgrade to see
Score Distribution
Jump to the score distribution portion of the page
Score
0/49
Timer
05:00
0
Plays Today
Year
Band
% Correct
1991
Nirvana
91.9%
1993
Nirvana
91.9%
1965
The Beach Boys
91.2%
1966
The Beach Boys
91.2%
1995
Oasis
88.2%
2008
Lady Gaga
83.8%
1963
The Beatles
83.1%
1977
The Clash
83.1%
1978
The Clash
83.1%
1979
The Clash
83.1%
1968
The Rolling Stones
82.4%
1992
Red Hot Chili Peppers
80.1%
2002
Coldplay
79.4%
2003
Outkast
77.2%
1984
Wham
75.7%
1976
Sex Pistols
74.3%
1981
Rush
66.9%
1972
Stevie Wonder
64%
1997
Third Eye Blind
57.4%
1988
NWA
56.6%
1982
Dexys Midnight Runners
55.1%
1969
The Jackson 5
52.9%
2010
Cee Lo Green
52.9%
1998
The Offspring
44.1%
1964
The Supremes
42.6%
Year
Band
% Correct
1967
The Kinks
41.2%
1987
The Cure
41.2%
1983
The Smiths
30.9%
1985
The Smiths
30.9%
1986
The Smiths
30.9%
1973
Allman Brothers Band
30.1%
1980
Joy Division
29.4%
2001
The Strokes
28.7%
1975
ABBA
25.7%
1989
Pixies
18.4%
1990
Pixies
18.4%
2004
Brian Wilson
16.9%
2005
Franz Ferdinand
16.9%
2009
Lily Allen
13.2%
1970
The Grateful Dead
9.6%
1971
Badfinger
9.6%
2007
Modest Mouse
8.1%
1994
Pavement
6.6%
1962
The Miracles
5.9%
1974
Big Star
3.7%
2000
The New Pornographers
2.9%
2006
Camera Obscura
2.9%
1996
Belle and Sebastian
2.2%
1999
Belle and Sebastian
2.2%
Quiz Playlist
Details
Report
Send in Message
Add To Playlist
Classic:
Type in answers that appear in a list
Last Updated: Feb 16, 2017
Quiz Scoreboard
CHALLENGE
Sign Up to Join the Scoreboard
Show All
Scores
Hide
Comments
May contain spoilers
Recently Published
Two Season TV Shows II
by 123Four
Television
10m
Image Sorting: Flags VI
by Barbecue
Geography
2m
Find the 'City' Movie
by crazypaving
Movies
60s
More to Explore
Quiz From the Vault
Featured Blog Post
14 Easter Pick-up Lines to Find Eggs With
hide this ad
You Might Also Like...
Tags
Bands Quiz
Song Quiz
Today's Top Quizzes in Music
Browse Music
hide this ad
Today's Top Quizzes in Bands
Browse Bands
Top Contributed Quizzes in Music
1
5X2 Blitz: Bands II
2
5X2 Blitz: The Beatles
3
Taylor Swift All Songs (2024)
4
5X2 Blitz: Billboard
5
5X2 Blitz: Billboard II
6
5X2 Blitz: Album
7
5X2 Blitz: Singers
8
5X2 Blitz: Rock
9
Music Artist by Three 2010s hits
10
5X2 Blitz: Lyrics
Explore More
Trending Topics
NBA
Harry Potter
Kpop
Crossword
Anime
Disney
Marvel
Pokémon
WWE
Puzzle
NFL
Country
The Office
Soccer
Song
hide this ad
More By:
nerfan
Quiz
Plays
Rating
Category
Featured
Created
Increasing Difficulty Baseball Quiz
5,188
2.31
Sports
Dec 23, 2009
Bands By Song
136
2.00
Music
Dec 24, 2010
Alternative Rock Bands
88
2.00
Music
Mar 17, 2011
Go to Creator's Profile
Score Distribution
Quiz Creator Spotlight
nerfan
Follow
Send a Message
Quizzes Created
-
Created Quiz Play Count
-
More By This Creator
Popular Quizzes Today
1
Find the US States - No Outlines Minefield
2
Colored Red Africa Blitz
3
Find the 'City' Movie
4
5x2 Blitz: Bands
5
The Countries of the World
6
Find the Countries of Europe - No Outlines Minefield
7
Find the US States
8
US States
More Music Quizzes
Countries In Song Titles (Part 2, Medium)
Quiz Lab
Trending Quizzes
Colored Red Europe Blitz I
Colored Red Africa Blitz II
Colored Red Europe Blitz II
Colored Red Europe Blitz III
Colored Red Africa Blitz III
Recently Updated
March Madness Men's Triple Doubles
pecheneg
How Do You Spell That?
pecheneg
Godzilla Movies
pecheneg
Grab Bag: 4-10 Letters
pecheneg
2024 March Madness Bracket
pecheneg
Famous TV Couples
Peacemaker
Champions League XIs: Real Madrid
pecheneg
Largest US Cities 1790-2010
pecheneg
Rides in Walt Disney World
pecheneg
Most Oscar Losses (Acting)
pecheneg
Trending Topics
Anime
Marvel
Kpop
NBA
Crossword
Disney
Harry Potter
Puzzle
Song
WWE
The Office
NFL
Soccer
Country
Pokémon
Your Account Isn't Verified!
In order to create a playlist on Sporcle, you need to verify the email address you used during registration. Go to your
Sporcle Settings
to finish the process.
Report this User
Report this user for behavior that violates our
Community Guidelines
.
Details:
Send Report
Go to the Sporcle.com Mobile Site →
Comments